Introductory Mathematical Analysis (Record no. 4485)
[ view plain ]
| 000 -LEADER | |
|---|---|
| fixed length control field | 00516nam a2200217Ia 4500 |
| 003 - CONTROL NUMBER IDENTIFIER | |
| control field | OST |
| 005 - DATE AND TIME OF LATEST TRANSACTION | |
| control field | 20240606080936.0 |
| 008 - FIXED-LENGTH DATA ELEMENTS--GENERAL INFORMATION | |
| fixed length control field | 150730s9999 xx 000 0 und d |
| 020 ## - INTERNATIONAL STANDARD BOOK NUMBER | |
| International Standard Book Number | 0558381928 |
| 040 ## - CATALOGING SOURCE | |
| Transcribing agency | MRUC |
| 050 ## - LIBRARY OF CONGRESS CALL NUMBER | |
| Classification number | QA37.O22 2008 |
| 100 ## - MAIN ENTRY--PERSONAL NAME | |
| Personal name | The Ohio State University |
| 245 ## - TITLE STATEMENT | |
| Title | Introductory Mathematical Analysis |
| 250 ## - EDITION STATEMENT | |
| Edition statement | 3rd |
| 264 ## - PRODUCTION, PUBLICATION, DISTRIBUTION, MANUFACTURE, AND COPYRIGHT NOTICE | |
| Place of production, publication, distribution, manufacture | USA |
| 264 ## - PRODUCTION, PUBLICATION, DISTRIBUTION, MANUFACTURE, AND COPYRIGHT NOTICE | |
| Name of producer, publisher, distributor, manufacturer | McGrawHill |
| 264 ## - PRODUCTION, PUBLICATION, DISTRIBUTION, MANUFACTURE, AND COPYRIGHT NOTICE | |
| Date of production, publication, distribution, manufacture, or copyright notice | 2008 |
| 650 ## - SUBJECT ADDED ENTRY--TOPICAL TERM | |
| Topical term or geographic name entry element | Mathematical Analysis |
| 942 ## - ADDED ENTRY ELEMENTS (KOHA) | |
| Source of classification or shelving scheme | Library of Congress Classification |
| Koha item type | Books |
| Withdrawn status | Lost status | Source of classification or shelving scheme | Damaged status | Not for loan | Home library | Current library | Date acquired | Total checkouts | Full call number | Barcode | Date last seen | Date last checked out | Price effective from | Koha item type |
|---|---|---|---|---|---|---|---|---|---|---|---|---|---|---|
| Library of Congress Classification | Murang'a University of Technology Library | Murang'a University of Technology Library | 23/01/2017 | 1 | QA37.O22 2008 | 004675 | 30/08/2024 | 28/11/2018 | 23/01/2017 | Books |